[Event "Benidorm 2009 - Open Master Bali"]
[Site "Benidorm"]
[Date "2009.12.05"]
[Round "1.1"]
[White "Tiviakov, Sergei"]
[Black "Budisin, Stanislav"]
[Result "1-0"]
[WhiteElo "2664"]
[BlackElo "2090"]
[PlyCount "63"]
[EventDate "2009.12.05"]
[EventType "swiss (rapid)"]
[EventRounds "11"]
[EventCountry "ESP"]
[Source "lmi"]
[SourceDate "2009.12.05"]

1. e4 c5 2. Nc3 Nc6 3. Bb5 e6 4. Bxc6 bxc6 5. d3 d5 6. f4 Qh4+ 7. g3 Qd8 8. Nf3
h5 9. Qe2 Nf6 10. e5 Ng4 11. Bd2 Be7 12. Na4 Rb8 13. c4 Nh6 14. O-O-O Nf5 15.
Qf2 a5 16. b3 Ba6 17. Bc3 d4 18. Bd2 Qc8 19. Ng5 Qd8 20. Ne4 Bc8 21. h3 Nh6 22.
Kb2 f6 23. exf6 Bxf6 24. Naxc5 Be7 25. Na4 Bd7 26. Qxd4 Nf5 27. Qe5 O-O 28.
Bxa5 Qc8 29. Bc3 Bf6 30. Nxf6+ gxf6 31. Qc5 Qa6 32. Ka1 1-0

[Event "Benidorm 2009 - Open Master Bali"]
[Site "Benidorm"]
[Date "2009.12.05"]
[Round "1.2"]
[White "Castellanos Bogalo, Antonio"]
[Black "Dreev, Alexey"]
[Result "0-1"]
[WhiteElo "2088"]
[BlackElo "2655"]
[PlyCount "64"]
[EventDate "2009.12.05"]
[EventType "swiss (rapid)"]
[EventRounds "11"]
[EventCountry "ESP"]
[Source "lmi"]
[SourceDate "2009.12.05"]

1. g3 d5 2. d3 c6 3. Bg2 e5 4. f3 Nf6 5. Nh3 Bc5 6. e3 O-O 7. c3 b5 8. Nf2 a5
9. O-O Re8 10. d4 Bd6 11. f4 exf4 12. exf4 b4 13. Nd2 Ba6 14. Re1 Rxe1+ 15.
Qxe1 Nbd7 16. Nf3 Qc7 17. Qd1 Nb6 18. Ne5 c5 19. g4 Bb7 20. Be3 Ne4 21. Rc1
bxc3 22. bxc3 Nxf2 23. Kxf2 f6 24. dxc5 Bxc5 25. Nf3 Bxe3+ 26. Kxe3 Nc4+ 27.
Kf2 Qxf4 28. Rb1 Qe3+ 29. Kg3 Nd6 30. h4 Ne4+ 31. Kh2 Qf4+ 32. Kg1 Nxc3 0-1

[Event "Benidorm 2009 - Open Master Bali"]
[Site "Benidorm"]
[Date "2009.12.05"]
[Round "1.3"]
[White "Gelashvili, Tamaz"]
[Black "Serrano Marhuenda, Salvador"]
[Result "1-0"]
[WhiteElo "2610"]
[BlackElo "2085"]
[PlyCount "39"]
[EventDate "2009.12.05"]
[EventType "swiss (rapid)"]
[EventRounds "11"]
[EventCountry "ESP"]
[Source "lmi"]
[SourceDate "2009.12.05"]

1. e4 c5 2. b3 Nc6 3. Bb2 d6 4. Bb5 Bd7 5. f4 e6 6. Nf3 a6 7. Bxc6 Bxc6 8. d3
Nf6 9. O-O Be7 10. Nbd2 O-O 11. Qe1 b5 12. e5 dxe5 13. Nxe5 Bb7 14. Qg3 Kh8 15.
f5 Qd5 16. c4 Qd6 17. Rae1 Rad8 18. fxe6 fxe6 19. Ndf3 Qxd3 20. Nxd3 1-0

[Event "Benidorm 2009 - Open Master Bali"]
[Site "Benidorm"]
[Date "2009.12.05"]
[Round "1.4"]
[White "O'Neill y Daneiko, Jose Antonio"]
[Black "Illescas Cordoba, Miguel"]
[Result "0-1"]
[WhiteElo "2084"]
[BlackElo "2595"]
[PlyCount "102"]
[EventDate "2009.12.05"]
[EventType "swiss (rapid)"]
[EventRounds "11"]
[EventCountry "ESP"]
[Source "lmi"]
[SourceDate "2009.12.05"]

1. e4 c5 2. Nf3 e6 3. d4 cxd4 4. Nxd4 a6 5. Bd3 g6 6. O-O Bg7 7. Be3 Ne7 8. c4
O-O 9. Nc3 d6 10. Rc1 Nbc6 11. Nb3 b6 12. Qe2 Bb7 13. Rfd1 Nc8 14. Bb1 Qe7 15.
f3 Rb8 16. Qf2 Ba8 17. Nd4 Ne5 18. b3 Re8 19. h3 Qb7 20. Rd2 Qc7 21. Re2 Nd7
22. f4 e5 23. Nd5 Qd8 24. Nf3 Bxd5 25. exd5 b5 26. fxe5 Nxe5 27. Nxe5 Bxe5 28.
Bd4 Bxd4 29. Rxe8+ Qxe8 30. Qxd4 bxc4 31. bxc4 Nb6 32. c5 dxc5 33. Qxc5 Nxd5
34. Bd3 a5 35. Bc4 Nb6 36. Rf1 Nxc4 37. Qxc4 Qe3+ 38. Kh1 Qe7 39. Qc3 a4 40.
Re1 Qd7 41. Qe3 h5 42. Qf4 Rb2 43. Qf6 Rd2 44. Re7 Rd1+ 45. Kh2 Qd6+ 46. Qxd6
Rxd6 47. Ra7 Rd4 48. Kg3 Rd3+ 49. Kf4 Ra3 50. g4 hxg4 51. hxg4 Rxa2 0-1

[Event "Benidorm 2009 - Open Master Bali"]
[Site "Benidorm"]
[Date "2009.12.05"]
[Round "1.5"]
[White "Agrest, Evgenij"]
[Black "Torres Grajales, Ramon"]
[Result "1-0"]
[WhiteElo "2588"]
[BlackElo "2083"]
[PlyCount "47"]
[EventDate "2009.12.05"]
[EventType "swiss (rapid)"]
[EventRounds "11"]
[EventCountry "ESP"]
[Source "lmi"]
[SourceDate "2009.12.05"]

1. c4 Nf6 2. Nc3 g6 3. Nf3 Bg7 4. d4 O-O 5. Bg5 c5 6. d5 a6 7. a4 Qa5 8. Bd2 d6
9. h3 Nbd7 10. e4 Qc7 11. Bd3 e5 12. g4 Rb8 13. Nh2 Re8 14. Nf1 Nf8 15. Ng3 Bd7
16. Be3 Kh8 17. Be2 Rec8 18. h4 b5 19. axb5 axb5 20. cxb5 Ng8 21. g5 f5 22.
gxf6 Nxf6 23. h5 c4 24. h6 1-0

[Event "Benidorm 2009 - Open Master Bali"]
[Site "Benidorm"]
[Date "2009.12.05"]
[Round "2.1"]
[White "Cenal Gutierrez, Ruben"]
[Black "Tiviakov, Sergei"]
[Result "0-1"]
[WhiteElo "2288"]
[BlackElo "2664"]
[PlyCount "35"]
[EventDate "2009.12.05"]
[EventType "swiss (rapid)"]
[EventRounds "11"]
[EventCountry "ESP"]
[Source "lmi"]
[SourceDate "2009.12.05"]

1. d4 Nf6 2. Nf3 e6 3. g3 b6 4. Bg2 Bb7 5. O-O Be7 6. c4 c6 7. Nc3 d5 8. cxd5
cxd5 9. Ne5 O-O 10. Qb3 Nc6 11. Nxc6 Bxc6 12. Bf4 Qd7 13. Rac1 b5 14. Rfd1 b4
15. Nb1 Ba4 16. Qd3 Bxd1 17. Rxd1 Qa4 18. Nd2 0-1

[Event "Benidorm 2009 - Open Master Bali"]
[Site "Benidorm"]
[Date "2009.12.05"]
[Round "2.2"]
[White "Dreev, Alexey"]
[Black "Aranda Gonzalez, Jose"]
[Result "1-0"]
[WhiteElo "2655"]
[BlackElo "2276"]
[PlyCount "41"]
[EventDate "2009.12.05"]
[EventType "swiss (rapid)"]
[EventRounds "11"]
[EventCountry "ESP"]
[Source "lmi"]
[SourceDate "2009.12.05"]

1. d4 d5 2. c4 c6 3. Nf3 e6 4. Qc2 Nf6 5. Bg5 Be7 6. e3 h6 7. Bh4 O-O 8. Nc3
Nbd7 9. a3 b6 10. cxd5 exd5 11. Bd3 c5 12. O-O Bb7 13. Rfd1 Ne4 14. Nxd5 Bxh4
15. Bxe4 f5 16. Ne7+ Bxe7 17. Bxb7 Rb8 18. Bd5+ Kh8 19. dxc5 Qc7 20. c6 Ne5 21.
Nd4 1-0

[Event "Benidorm 2009 - Open Master Bali"]
[Site "Benidorm"]
[Date "2009.12.05"]
[Round "2.3"]
[White "Longa Yauca, Javier"]
[Black "Gelashvili, Tamaz"]
[Result "0-1"]
[WhiteElo "2267"]
[BlackElo "2610"]
[PlyCount "76"]
[EventDate "2009.12.05"]
[EventType "swiss (rapid)"]
[EventRounds "11"]
[EventCountry "ESP"]
[Source "lmi"]
[SourceDate "2009.12.05"]

1. d4 Nf6 2. Nf3 e6 3. Bg5 h6 4. Bh4 c5 5. e3 b6 6. c4 cxd4 7. exd4 Bb4+ 8. Nc3
O-O 9. Qb3 a5 10. a3 Bxc3+ 11. Qxc3 a4 12. Bd3 Bb7 13. O-O d5 14. c5 g5 15.
Nxg5 hxg5 16. Bxg5 Ne4 17. Bxd8 Nxc3 18. Bxb6 Ne4 19. Rfe1 Rc8 20. Rac1 Nd2 21.
Rcd1 Nc4 22. Bxc4 dxc4 23. Rc1 Bd5 24. Re5 Nd7 25. Rg5+ Kf8 26. h4 Nxb6 27.
cxb6 Rab8 28. h5 Rxb6 29. h6 Ke7 30. Rc3 Rxb2 31. h7 Rh8 32. Rh3 c3 33. Rxc3
Rb1+ 34. Kh2 Rxh7+ 35. Kg3 Rb3 36. Re3 Rh8 37. Kf4 Rh4+ 38. g4 Rh3 0-1

[Event "Benidorm 2009 - Open Master Bali"]
[Site "Benidorm"]
[Date "2009.12.05"]
[Round "2.4"]
[White "Illescas Cordoba, Miguel"]
[Black "Santos Izquierdo, Francisco Javier"]
[Result "1-0"]
[WhiteElo "2595"]
[BlackElo "2259"]
[PlyCount "71"]
[EventDate "2009.12.05"]
[EventType "swiss (rapid)"]
[EventRounds "11"]
[EventCountry "ESP"]
[Source "lmi"]
[SourceDate "2009.12.05"]

1. d4 f5 2. c4 Nf6 3. Nf3 g6 4. g3 Bg7 5. Bg2 O-O 6. O-O d6 7. Nc3 Qe8 8. Re1
Qf7 9. Qb3 h6 10. e4 fxe4 11. Nxe4 Nxe4 12. Rxe4 g5 13. Bxg5 hxg5 14. Nxg5
Qxf2+ 15. Kh1 Nc6 16. c5+ e6 17. Rf1 Qxf1+ 18. Bxf1 Rxf1+ 19. Kg2 Rf6 20. cxd6
cxd6 21. d5 Ne7 22. dxe6 b6 23. h4 Bb7 24. Kh3 Bxe4 25. Nxe4 Rg6 26. h5 Rh6 27.
g4 d5 28. Ng5 Rf8 29. Qa3 Bf6 30. Nf7 Rxf7 31. exf7+ Kxf7 32. Qxa7 Bg5 33. Qb8
Re6 34. Qh8 Rh6 35. Qe5 Re6 36. Qxg5 1-0

[Event "Benidorm 2009 - Open Master Bali"]
[Site "Benidorm"]
[Date "2009.12.05"]
[Round "2.5"]
[White "Arata, Roberto Mario"]
[Black "Agrest, Evgenij"]
[Result "0-1"]
[WhiteElo "2257"]
[BlackElo "2588"]
[PlyCount "86"]
[EventDate "2009.12.05"]
[EventType "swiss (rapid)"]
[EventRounds "11"]
[EventCountry "ESP"]
[Source "lmi"]
[SourceDate "2009.12.05"]

1. d4 d6 2. c4 e5 3. e3 Nd7 4. Nc3 g6 5. Nf3 Bg7 6. Be2 Ngf6 7. O-O O-O 8. b4
Re8 9. Bb2 e4 10. Nd2 Nf8 11. Re1 h5 12. Nf1 N8h7 13. f3 exf3 14. Bxf3 Ng5 15.
Be2 Bg4 16. Bxg4 Nxg4 17. h3 Nf6 18. Qc2 d5 19. Nd2 c6 20. b5 cxb5 21. Nxb5 Qd7
22. Ba3 Nfe4 23. Nxe4 Nxe4 24. Rab1 dxc4 25. Nc3 Nxc3 26. Qxc3 Rac8 27. Bb2 Re4
28. Rbc1 Qd5 29. Rf1 a5 30. Rf3 b6 31. Rcf1 Rc7 32. Kh1 Bf8 33. a3 Bg7 34. Qc2
Qe6 35. Bc3 Rxe3 36. d5 Qe4 37. Qxe4 Rxe4 38. Bxg7 Kxg7 39. Rf6 Rd4 40. Rxb6
Rxd5 41. Ra6 c3 42. Rc1 c2 43. Kh2 Rd1 0-1

[Event "Benidorm 2009 - Open Master Bali"]
[Site "Benidorm"]
[Date "2009.12.05"]
[Round "3.1"]
[White "Tiviakov, Sergei"]
[Black "Colovic, Aleksandar"]
[Result "1-0"]
[WhiteElo "2664"]
[BlackElo "2443"]
[PlyCount "143"]
[EventDate "2009.12.05"]
[EventType "swiss (rapid)"]
[EventRounds "11"]
[EventCountry "ESP"]
[Source "lmi"]
[SourceDate "2009.12.05"]

1. e4 c5 2. Nc3 d6 3. f4 Nc6 4. Nf3 g6 5. d4 cxd4 6. Nxd4 Bg7 7. Nb3 Nf6 8. Be2
O-O 9. Be3 a5 10. a4 Be6 11. O-O Rc8 12. Kh1 Bxb3 13. cxb3 Nd7 14. Bc4 Nb4 15.
Qe2 Nb6 16. Nd5 N4xd5 17. exd5 Nd7 18. Rae1 Nc5 19. f5 Nd7 20. Bb5 Nf6 21. Bc4
Nd7 22. h3 Nc5 23. Rf3 Rc7 24. Bd2 Qa8 25. Bg5 Bf6 26. Bh6 Rfc8 27. Qf2 Nd7 28.
fxg6 hxg6 29. Re4 Rf8 30. Bb5 Qd8 31. Bxd7 Rxd7 32. Bxf8 Qxf8 33. Qe1 Bxb2 34.
Qxa5 Be5 35. Qb5 Rc7 36. Rc4 Rxc4 37. Qxc4 Qh6 38. Qe2 f6 39. Qe1 Qf8 40. a5
Qc8 41. b4 g5 42. b5 Qc4 43. Qf1 Qxd5 44. a6 bxa6 45. bxa6 Qa5 46. Rb3 Kg7 47.
Rb7 g4 48. Rxe7+ Kf8 49. Rh7 gxh3 50. Rxh3 Qa4 51. Rh7 Kg8 52. Qb1 f5 53. Rh5
Qxa6 54. Rxf5 Qa1 55. Qxa1 Bxa1 56. Kh2 Kg7 57. Kh3 Kg6 58. Kg4 Be5 59. Rf8 Kg7
60. Re8 Kf6 61. Ra8 Kf7 62. Kh5 d5 63. g4 d4 64. Ra3 Ke7 65. g5 Ke6 66. Kg4 Kd5
67. Kf5 Bd6 68. Ra5+ Kc4 69. g6 Bf8 70. Ke4 Bg7 71. Rd5 Kc3 72. Rd7 1-0

[Event "Benidorm 2009 - Open Master Bali"]
[Site "Benidorm"]
[Date "2009.12.05"]
[Round "3.2"]
[White "Granero Roca, Antonio"]
[Black "Dreev, Alexey"]
[Result "0-1"]
[WhiteElo "2450"]
[BlackElo "2655"]
[PlyCount "106"]
[EventDate "2009.12.05"]
[EventType "swiss (rapid)"]
[EventRounds "11"]
[EventCountry "ESP"]
[Source "lmi"]
[SourceDate "2009.12.05"]

1. d4 d5 2. c4 c6 3. Nf3 Nf6 4. Nc3 e6 5. e3 Nbd7 6. Qc2 Bd6 7. Be2 O-O 8. O-O
b6 9. e4 dxe4 10. Nxe4 Nxe4 11. Qxe4 Bb7 12. b3 Nf6 13. Qh4 c5 14. Bb2 Ne4 15.
Qh5 Qe7 16. Rad1 Rad8 17. Bd3 cxd4 18. Bxd4 Bc5 19. Bxe4 Bxe4 20. Bxc5 Qxc5 21.
Qxc5 bxc5 22. Ne5 Rfe8 23. f3 Bb7 24. Kf2 f6 25. Nd3 Rc8 26. Nb2 Bc6 27. Rd6
Kf7 28. Rfd1 Ke7 29. R6d2 Rc7 30. Ke3 Rb8 31. Nd3 Be8 32. Nf2 a5 33. Ne4 a4 34.
Rd3 axb3 35. axb3 Bg6 36. Rc3 f5 37. Nd2 e5 38. f4 Rd8 39. Re1 exf4+ 40. Kxf4+
Kf6 41. Nf3 Bh5 42. Rce3 g5+ 43. Nxg5 Rd4+ 44. Ne4+ fxe4 45. Rxe4 Bg6 46. Rxd4
cxd4 47. g4 Bc2 48. g5+ Kf7 49. Rc1 d3 50. Ke3 Re7+ 51. Kd2 Re2+ 52. Kc3 d2 53.
Rf1+ Ke7 0-1

[Event "Benidorm 2009 - Open Master Bali"]
[Site "Benidorm"]
[Date "2009.12.05"]
[Round "3.3"]
[White "Gelashvili, Tamaz"]
[Black "Mellado Triviño, Juan"]
[Result "1-0"]
[WhiteElo "2610"]
[BlackElo "2419"]
[PlyCount "61"]
[EventDate "2009.12.05"]
[EventType "swiss (rapid)"]
[EventRounds "11"]
[EventCountry "ESP"]
[Source "lmi"]
[SourceDate "2009.12.05"]

1. e4 d5 2. exd5 Qxd5 3. Nc3 Qd6 4. d4 Nf6 5. Nf3 a6 6. g3 b5 7. Bg2 Bb7 8. O-O
Nbd7 9. Bf4 Qb6 10. a4 e6 11. a5 Qa7 12. Bxc7 Bb4 13. Ne2 O-O 14. c3 Be7 15.
Bf4 Rfd8 16. Nc1 Rac8 17. Nd3 Bd5 18. Rc1 Ne4 19. Re1 Qb7 20. h4 b4 21. c4 Rxc4
22. Rxc4 Bxc4 23. Ng5 f5 24. Nxe4 fxe4 25. Bxe4 Qb5 26. Ne5 Nxe5 27. Bxe5 Qe8
28. Qc2 Bd5 29. Bxh7+ Kh8 30. Bg6 Qf8 31. f4 1-0

[Event "Benidorm 2009 - Open Master Bali"]
[Site "Benidorm"]
[Date "2009.12.05"]
[Round "3.4"]
[White "Dolezal, Cristian"]
[Black "Illescas Cordoba, Miguel"]
[Result "1/2-1/2"]
[WhiteElo "2405"]
[BlackElo "2595"]
[PlyCount "132"]
[EventDate "2009.12.05"]
[EventType "swiss (rapid)"]
[EventRounds "11"]
[EventCountry "ESP"]
[Source "lmi"]
[SourceDate "2009.12.05"]

1. e4 c5 2. d3 Nc6 3. g3 g6 4. Bg2 Bg7 5. f4 d6 6. c3 e6 7. Nd2 Nge7 8. Nh3 O-O
9. O-O Qd7 10. Nf2 b6 11. Nf3 Bb7 12. Bd2 Rac8 13. g4 f5 14. gxf5 gxf5 15. Kh1
Ng6 16. Nh3 Nce7 17. Qe2 Rce8 18. Rae1 Qc8 19. Bc1 b5 20. a3 a6 21. Nfg5 h6 22.
exf5 Bxg2+ 23. Qxg2 Nh4 24. Qg4 hxg5 25. fxe6 Nef5 26. Nxg5 Qb7+ 27. Kg1 Rf6
28. Re2 Qd5 29. Qh3 Rg6 30. Kf2 Bh6 31. Rg1 Bxg5 32. Rxg5 Rxg5 33. fxg5 Rxe6
34. Rxe6 Qxe6 35. Qg4 Ng6 36. Qe4 Kf7 37. Qb7+ Nfe7 38. Qf3+ Qf5 39. Qxf5+ Nxf5
40. Bd2 Ne5 41. Ke2 Ke6 42. Be1 c4 43. dxc4 bxc4 44. h4 Ng6 45. h5 Nf4+ 46. Kf3
Nxh5 47. Bf2 Nhg7 48. Ke4 d5+ 49. Kf4 Ne7 50. Bc5 Ng6+ 51. Ke3 Nf5+ 52. Kd2 Ke5
53. Kc2 Ke4 54. b3 cxb3+ 55. Kxb3 Kd3 56. Bb4 Ne3 57. Bd6 Nc4 58. Bg3 Nge5 59.
Kb4 Ke4 60. Kc5 Nxa3 61. Bxe5 Kxe5 62. g6 Kf6 63. Kxd5 Kxg6 64. Kc5 Nb5 65. Kb6
Nc7 66. c4 Ne6 1/2-1/2

[Event "Benidorm 2009 - Open Master Bali"]
[Site "Benidorm"]
[Date "2009.12.05"]
[Round "3.5"]
[White "Agrest, Evgenij"]
[Black "Bellia, Fabrizio"]
[Result "1-0"]
[WhiteElo "2588"]
[BlackElo "2402"]
[PlyCount "87"]
[EventDate "2009.12.05"]
[EventType "swiss (rapid)"]
[EventRounds "11"]
[EventCountry "ESP"]
[Source "lmi"]
[SourceDate "2009.12.05"]

1. c4 Nf6 2. Nc3 e5 3. Nf3 Nc6 4. g3 Bb4 5. Nd5 e4 6. Nh4 O-O 7. Bg2 Re8 8. O-O
d6 9. d3 exd3 10. Qxd3 Ne5 11. Qc2 Nxd5 12. cxd5 Bc5 13. Bd2 Bd7 14. Bc3 Qg5
15. a4 a5 16. e3 Qh5 17. h3 f6 18. Bd4 b6 19. f4 Nf7 20. Bf3 Qh6 21. Bg4 Rad8
22. Kg2 Re7 23. Nf5 Bxf5 24. Bxf5 Rde8 25. Rf2 Nd8 26. h4 g6 27. Bd3 f5 28. Rh1
Bxd4 29. exd4 Qh5 30. Bb5 Rf8 31. Re2 Rxe2+ 32. Bxe2 Qh6 33. Qxc7 Qg7 34. Qxg7+
Kxg7 35. Bb5 Nf7 36. Rc1 Nh6 37. Rc6 Ng4 38. Rxd6 Rb8 39. Rd7+ Kf6 40. Kf3 Rc8
41. Bc6 h6 42. Rb7 g5 43. Rxb6 Rd8 44. Bd7+ 1-0

[Event "Benidorm 2009 - Open Master Bali"]
[Site "Benidorm"]
[Date "2009.12.06"]
[Round "4.1"]
[White "Moskalenko, Viktor"]
[Black "Tiviakov, Sergei"]
[Result "1/2-1/2"]
[WhiteElo "2538"]
[BlackElo "2664"]
[PlyCount "60"]
[EventDate "2009.12.05"]
[EventType "swiss (rapid)"]
[EventRounds "11"]
[EventCountry "ESP"]
[Source "lmi"]
[SourceDate "2009.12.05"]

1. d4 Nf6 2. c4 e6 3. Nc3 Bb4 4. f3 d5 5. a3 Bxc3+ 6. bxc3 c6 7. e3 O-O 8. Bd3
b6 9. Ne2 Ba6 10. cxd5 Bxd3 11. Qxd3 cxd5 12. c4 dxc4 13. Qxc4 Qd7 14. e4 Rc8
15. Qd3 Nc6 16. Bg5 Ne8 17. O-O Ne5 18. Qb3 Nc4 19. Rfd1 Ned6 20. Bf4 Na5 21.
Qb4 Ndc4 22. a4 Rd8 23. Rdc1 Rac8 24. Rc3 Nd6 25. Qxd6 Qxd6 26. Bxd6 Rxc3 27.
Nxc3 Rxd6 28. Nb5 Rd7 29. Rc1 h6 30. Rc8+ Kh7 1/2-1/2

[Event "Benidorm 2009 - Open Master Bali"]
[Site "Benidorm"]
[Date "2009.12.06"]
[Round "4.2"]
[White "Dreev, Alexey"]
[Black "Glek, Igor"]
[Result "1/2-1/2"]
[WhiteElo "2655"]
[BlackElo "2522"]
[PlyCount "60"]
[EventDate "2009.12.05"]
[EventType "swiss (rapid)"]
[EventRounds "11"]
[EventCountry "ESP"]
[Source "lmi"]
[SourceDate "2009.12.05"]

1. d4 Nf6 2. Nf3 g6 3. Bg5 Bg7 4. Nbd2 d5 5. e3 c5 6. c3 Qb6 7. Qb3 c4 8. Qa3
Nc6 9. b3 cxb3 10. axb3 O-O 11. Bd3 Re8 12. O-O e5 13. dxe5 Ng4 14. Nd4 Ngxe5
15. Be2 Bd7 16. Rfd1 a6 17. N2f3 Rac8 18. Rac1 Bg4 19. Nxe5 Nxe5 20. Bxg4 Nxg4
21. h3 Nf6 22. Bxf6 Bxf6 23. Ne2 Rxe3 24. Nf4 Rexc3 25. Rxc3 Bxc3 26. Nxd5 Qc5
27. b4 Qd6 28. Nxc3 Rxc3 29. Rxd6 Rxa3 30. Rb6 a5 1/2-1/2

[Event "Benidorm 2009 - Open Master Bali"]
[Site "Benidorm"]
[Date "2009.12.06"]
[Round "4.3"]
[White "Pap, Misa"]
[Black "Gelashvili, Tamaz"]
[Result "1/2-1/2"]
[WhiteElo "2501"]
[BlackElo "2610"]
[PlyCount "110"]
[EventDate "2009.12.05"]
[EventType "swiss (rapid)"]
[EventRounds "11"]
[EventCountry "ESP"]
[Source "lmi"]
[SourceDate "2009.12.05"]

1. e4 d6 2. d4 g6 3. Nf3 Bg7 4. Bc4 e6 5. Bb3 Nd7 6. O-O Ne7 7. Re1 b6 8. Nbd2
Bb7 9. Nf1 h6 10. c3 O-O 11. h4 c5 12. Ng3 cxd4 13. cxd4 e5 14. h5 Kh7 15. d5
Nc5 16. Bc2 a5 17. Nh2 Ng8 18. Rb1 Qe7 19. Be3 Nf6 20. b3 Bc8 21. a3 Bd7 22.
Ra1 b5 23. Qd2 Rfc8 24. Rec1 Be8 25. b4 axb4 26. axb4 Na4 27. Bd3 Qb7 28. f4
exf4 29. Bxf4 Qe7 30. hxg6+ fxg6 31. Rxc8 Rxc8 32. Re1 Nd7 33. Bxb5 Bc3 34. Qc1
Ndb6 35. Bxe8 Bxe1 36. Bc6 Bxb4 37. Nf3 Qf8 38. Kh2 Nc5 39. Be3 Nbd7 40. Qc4
Ba5 41. e5 Bb6 42. Qb5 Qd8 43. exd6 Rb8 44. Qe2 Nf6 45. Ne5 Qxd6 46. Bf4 Nxd5
47. Bxd5 Qxd5 48. Nxg6 Rb7 49. Ne5 Qe6 50. Qh5 Bc7 51. Qe2 Bxe5 52. Bxe5 Qg6
53. Qc4 Nd3 54. Qc8 Nxe5 55. Qxb7+ Nf7 1/2-1/2

[Event "Benidorm 2009 - Open Master Bali"]
[Site "Benidorm"]
[Date "2009.12.06"]
[Round "4.4"]
[White "Nyzhnyk, Ilia"]
[Black "Agrest, Evgenij"]
[Result "1/2-1/2"]
[WhiteElo "2494"]
[BlackElo "2588"]
[PlyCount "46"]
[EventDate "2009.12.05"]
[EventType "swiss (rapid)"]
[EventRounds "11"]
[EventCountry "ESP"]
[Source "lmi"]
[SourceDate "2009.12.05"]

1. d4 d5 2. c4 c6 3. Nf3 Nf6 4. Qc2 dxc4 5. Qxc4 Bg4 6. Nbd2 Nbd7 7. g3 e6 8.
Bg2 Be7 9. O-O Bh5 10. b3 O-O 11. Bb2 a5 12. a3 Qb6 13. Rac1 Rfd8 14. Rfd1 Qa7
15. h3 Bg6 16. Ne5 Nxe5 17. dxe5 Nd5 18. Ne4 Bxe4 19. Bxe4 Bg5 20. Rb1 Be7 21.
Rbc1 Bg5 22. Rb1 Be7 23. Rbc1 Bg5 1/2-1/2

[Event "Benidorm 2009 - Open Master Bali"]
[Site "Benidorm"]
[Date "2009.12.06"]
[Round "4.5"]
[White "Illescas Cordoba, Miguel"]
[Black "Maisuradze, Nino"]
[Result "1-0"]
[WhiteElo "2595"]
[BlackElo "2242"]
[PlyCount "69"]
[EventDate "2009.12.05"]
[EventType "swiss (rapid)"]
[EventRounds "11"]
[EventCountry "ESP"]
[Source "lmi"]
[SourceDate "2009.12.05"]

1. e4 c5 2. Nf3 Nc6 3. Bb5 g6 4. O-O Bg7 5. c3 d6 6. d4 cxd4 7. cxd4 a6 8. Ba4
b5 9. Bb3 Nf6 10. Nc3 Bg4 11. Be3 O-O 12. h3 Bxf3 13. Qxf3 Rc8 14. Rfd1 Na5 15.
e5 Ne8 16. Nd5 e6 17. Nb4 dxe5 18. dxe5 Qe7 19. Nd3 Nc4 20. Bd4 f6 21. Qe2 f5
22. a4 Na5 23. Ba2 bxa4 24. Bc3 Nc6 25. Nf4 Nc7 26. Rd6 Nd8 27. Rad1 Qg5 28. g3
Nb5 29. Rd7 Nxc3 30. bxc3 Re8 31. Kg2 h5 32. h4 Qh6 33. Qxa6 g5 34. hxg5 Qxg5
35. Qxc8 1-0

[Event "Benidorm 2009 - Open Master Bali"]
[Site "Benidorm"]
[Date "2009.12.06"]
[Round "5.1"]
[White "Tiviakov, Sergei"]
[Black "Pap, Misa"]
[Result "1-0"]
[WhiteElo "2664"]
[BlackElo "2501"]
[PlyCount "47"]
[EventDate "2009.12.05"]
[EventType "swiss (rapid)"]
[EventRounds "11"]
[EventCountry "ESP"]
[Source "lmi"]
[SourceDate "2009.12.05"]

1. e4 c5 2. Nc3 Nc6 3. Bb5 Nd4 4. Bc4 e6 5. Nge2 Nf6 6. O-O a6 7. a4 Nxe4 8.
Nxe4 d5 9. d3 dxc4 10. dxc4 Be7 11. Bf4 f6 12. c3 Nxe2+ 13. Qxe2 e5 14. Be3 Qc7
15. Qh5+ g6 16. Qh6 Kf7 17. f4 Qc6 18. Nxf6 Bxf6 19. fxe5 Bf5 20. exf6 Rag8 21.
Rae1 Be6 22. Bf4 g5 23. Be5 Bxc4 24. Qg7+ 1-0

[Event "Benidorm 2009 - Open Master Bali"]
[Site "Benidorm"]
[Date "2009.12.06"]
[Round "5.2"]
[White "Dolezal, Cristian"]
[Black "Dreev, Alexey"]
[Result "0-1"]
[WhiteElo "2405"]
[BlackElo "2655"]
[PlyCount "114"]
[EventDate "2009.12.05"]
[EventType "swiss (rapid)"]
[EventRounds "11"]
[EventCountry "ESP"]
[Source "lmi"]
[SourceDate "2009.12.05"]

1. e4 c5 2. d3 d5 3. exd5 Qxd5 4. Nc3 Qd8 5. g3 g6 6. Bg2 Bg7 7. a4 Nc6 8. Be3
Nd4 9. a5 Rb8 10. Ne4 b6 11. axb6 axb6 12. Ra7 Nb5 13. Ra2 Nf6 14. Bf4 Nd6 15.
Nxd6+ exd6 16. Bc6+ Kf8 17. Ne2 Bh3 18. Ra7 h6 19. f3 b5 20. Qa1 g5 21. Bd2 Qc8
22. Qa6 Qxa6 23. Rxa6 Be6 24. Ba5 Nd5 25. Nc3 Nb4 26. Bxb4 cxb4 27. Nxb5 Bxb2
28. Kf2 b3 29. cxb3 Kg7 30. Rb1 Bf6 31. d4 Bf5 32. Rd1 Rhd8 33. Rd2 d5 34. g4
Bg6 35. Nc7 Rd6 36. Bxd5 Rxa6 37. Nxa6 Rd8 38. Nb4 h5 39. h3 Rd6 40. Ke3 Be7
41. Nc6 Bf8 42. Be4 Bxe4 43. fxe4 Rxc6 44. e5 Rc3+ 45. Rd3 Rc1 46. Ke4 hxg4 47.
hxg4 Rg1 48. Kf5 Be7 49. d5 Rf1+ 50. Ke4 Rf4+ 51. Ke3 Bc5+ 52. Kd2 Rxg4 53. d6
Rd4 54. Kc3 Rxd3+ 55. Kxd3 Kf8 56. Ke4 g4 57. Kf4 Bd4 0-1

[Event "Benidorm 2009 - Open Master Bali"]
[Site "Benidorm"]
[Date "2009.12.06"]
[Round "5.3"]
[White "Gelashvili, Tamaz"]
[Black "Nyzhnyk, Ilia"]
[Result "1-0"]
[WhiteElo "2610"]
[BlackElo "2494"]
[PlyCount "97"]
[EventDate "2009.12.05"]
[EventType "swiss (rapid)"]
[EventRounds "11"]
[EventCountry "ESP"]
[Source "lmi"]
[SourceDate "2009.12.05"]

1. Nf3 Nf6 2. e3 e6 3. d4 d5 4. Bd3 c5 5. O-O Nc6 6. b3 b6 7. Bb2 Bb7 8. a3 Be7
9. Nbd2 O-O 10. Qe2 Rc8 11. Ne5 Nxe5 12. dxe5 Ne4 13. Rad1 Nxd2 14. Rxd2 Qc7
15. c4 dxc4 16. bxc4 Rcd8 17. Rfd1 Bc6 18. f4 g6 19. e4 Rd7 20. Rf1 Rfd8 21.
Bc3 Qb7 22. f5 Rxd3 23. Rxd3 Rxd3 24. Qxd3 Bxe4 25. Qe2 Bxf5 26. Re1 h5 27. Bd2
Qd7 28. Be3 Qa4 29. h3 Qxa3 30. Rd1 Qc3 31. Rd7 Bh4 32. Bd2 Qb3 33. Bf4 Bg3 34.
Bg5 Bc2 35. Bf6 Qb1+ 36. Qf1 g5 37. Qxb1 Bxb1 38. Rxa7 Bf4 39. g4 hxg4 40. hxg4
Bd3 41. Ra3 Be4 42. Rh3 Bh7 43. Kf2 Bd2 44. Ke2 Bf4 45. Kd1 Bxe5 46. Bxe5 f5
47. Rxh7 Kxh7 48. gxf5 exf5 49. Bc7 1-0